000 01951cam a2200349 4500
001 ##L128329
008 041216n2006 000 0 eng u
020 _a0421888903
035 _a(Sirsi) u128329
041 0 _aeng
050 0 4 _a346.4103 $2 18
100 1 _aDugdale, Anthony M.
245 0 0 _aClerk and Lindsell on Torts
250 _a19th ed.
260 _aLondon
_bSweet and Maxwell
_c2006
300 _accclxvi, 2144p $2 4cm.
505 2 _aPrinciples of liability in tort -- causation in tort general principles -- general defences -- joint liability and contribution --capacity and parties -- vicarious liability -- foreign torts -- negligence -- breach of statutory duty -- professional liability - product liability and consumer protection -- occupier's liability and defective premises - employers' liability -- public service liability -- trespass to the person -- malicious prosecution -- wrongful interference with goods -- deceit --trespass to land and dispossession -- nuisance --Rylands v Fletcher liability --animals -- defamation -- malicious falsehood -- economic torts -- statutory intellectual property rights -- passing off -- breach of confidence -- damages -- injunctions -- self-help -- discharge of torts -- limitation.
520 _aThe nineteenth edition of this key text contains new chapters on contribution actions and public services liability, and a fresh chapter on employers' liability, expanding on the coverage of that topic in previous editions.
520 _aSupersedes 18th edition and supplements (ISBN 0421660902/0421889403).
700 1 _aJones, Michael A.
700 1 _aSimpson, Mark
700 1 _aAlexander, Daniel
700 1 _aBuckley, Richard A.
700 1 _aBurrows, Andrew S.
700 1 _aCarty, Hazel F.
700 1 _aDuodu, Korieh
700 1 _aMurphy, John
700 1 _aPrice, David
700 1 _aSimpson, Robert
700 1 _aTettenborn, Andrew
942 _n0
999 _c103891
_d103891